Τα Πάντα γύρω από το SEX / Σε Κόμικ (Record no. 5671)
[ view plain ]
| 000 -LEADER | |
|---|---|
| fixed length control field | 01501cam a22002054a 4500 |
| 005 - ΗΜΕΡΟΜΗΝΙΑ ΚΑΙ ΩΡΑ ΤΕΛΕΥΤΑΙΑΣ ΕΝΗΜΕΡΩΣΗΣ | |
| Πεδίο ελέγχου | 20250605164219.0 |
| 008 - FIXED-LENGTH DATA ELEMENTS--GENERAL INFORMATION | |
| Πεδίο ελέγχου σταθερού μήκους | 250528s ||||||||||||||||||||||||d |
| 035 ## - SYSTEM CONTROL NUMBER | |
| System control number | 20580 |
| 020 ## - ISBN | |
| ISBN | 9608202086 |
| 040 ## - ΠΗΓΗ ΚΑΤΑΛΟΓΟΓΡΑΦΗΣΗΣ | |
| Φορέας πρωτότυπης καταλογογράφησης | MC Athens Campus Library |
| Γλώσσα καταλογογράφησης | Ελληνικά, Μοντέρνα (1453-) |
| Modifying agency | MC Athens Campus Library |
| Κανόνες περιγραφικής καταλογογράφησης | AACR2 |
| 245 1# - ΤΙΤΛΟΣ ΚΑΙ ΔΗΛΩΣΗ ΥΠΕΥΘΥΝΟΤΗΤΑΣ | |
| Τίτλος | Τα Πάντα γύρω από το SEX / Σε Κόμικ |
| 260 ## - PUBLICATION, DISTRIBUTION, ETC. | |
| Name of publisher, distributor, etc. | Περίπλους, |
| Date of publication, distribution, etc. | 2004 |
| 300 ## - PHYSICAL DESCRIPTION | |
| Extent | 248 |
| 520 ## - SUMMARY, ETC. | |
| Summary, etc. | Όλα όσα θέλατε, μεγάλοι και μικρότεροι, έμπειροι και πρωτάρηδες, να μάθετε για το σεξ και δεν ευκαιρείτε να διαβάσετε! Τα Παράδοξα του ΄Έρωτα, Είμαστε κατά Βάθος Ζώα! Ή Πως η Αναπαραγωγική Ανάγκη Οδηγεί στον Έρωτα, Η Ανθρώπινη Σεξουαλική Ανατομία, Σεξουαλική Διαπαιδαγώγηση, Ποιός θα Πλύνει τα Πιάτα: Τα Δύο Φύλα και η Σεξουαλικότητα στην Ενήλικη Ζωή, Η Επικοινωνία Μεταξύ των Εραστών, Η Αγάπη, Το πως Λέμε ''Να το Κάνουμε'', Αποφεύγοντας την Εγκυμοσύνη, Η Ερωτική Υγεία και Εναλλακτικές Επιλογές, Απρόσκλητος Έρωτας, Προβλήματα και Λύσεις. |
| 700 1# - ΠΡΟΣΘΕΤΗ ΑΝΑΓΡΑΦΗ--ΦΥΣΙΚΟ ΠΡΟΣΩΠΟ | |
| Personal name | Devault Christine |
| 9 (RLIN) | 6549 |
| 700 1# - ΠΡΟΣΘΕΤΗ ΑΝΑΓΡΑΦΗ--ΦΥΣΙΚΟ ΠΡΟΣΩΠΟ | |
| Personal name | Gonick Larry |
| 9 (RLIN) | 6550 |
| 942 ## - ADDED ENTRY ELEMENTS (KOHA) | |
| Koha item type | Books |
| Τύπος τεκμηρίου | Βιβλιοθήκη | Τρέχουσα τοποθεσία | Barcode | Αριθμός εισαγωγής | Ημερομηνία απόκτησης | Ταξιθετικό σύμβολο | Αριθμός αντιτύπου | Κατάσταση απόσυρσης | Κατάσταση χαμένου | Κατάσταση κατεστραμμένου | Μη δανεισμός | Σύνολο δανεισμών | Ημερομηνία τελευταίας εμφάνισης | Η τιμή ισχύει από |
|---|---|---|---|---|---|---|---|---|---|---|---|---|---|---|
| Books | MC Athens Campus Library | MC Athens Campus Library | 9780000056702 | 7078 | 05/06/2025 | 300 GON | 1 | 05/06/2025 | 05/06/2025 |